000 00738nam a2200253 i 4500
001 000002522
003 DO-SdBNP
005 20250714113840.0
007 ta
008 090702s1989 dr r 000 0 spa d
040 _aDO-SdBNP
_bspa
_cBNPHU
_erda
082 4 _222
110 2 _aBanco Central de la República Dominicana
_983405
245 1 0 _aÍndice de salario nominal 1984-88.
264 _aSanto Domingo :
_bBanco Central de la República Dominicana,
_c1989.
300 _a178 páginas ;
_c28 cm.
336 _2rdacontent
_atexto
_btxt
337 _2rdamedia
_asin mediación
_bnc
338 _2rdacarrier
_avolumen
_bn
500 _aIncluye índice
590 _aInventariado, 2023/BT
910 _aBtavárez
942 _2ddc
_cLBS1
999 _c2358
_d2358